| 000 | 00938cam a22001814a 4500 | ||
|---|---|---|---|
| 005 | 20250605163720.0 | ||
| 008 | 250528s ||||||||||||||||||||||||d | ||
| 035 | _a24911 | ||
| 020 | _a9781422158005 | ||
| 040 |
_aGR-AtMCL _bgre _dGR-AtMCL _eAACR2 |
||
| 245 | 1 | _aOn Change Management / If You Read Nothing Else on Change Management and Read These Definitive Articles from Harvard Business Review | |
| 260 |
_bHarvard Business Review Press, _c2011 |
||
| 300 | _a216 | ||
| 520 | _aLeading Change: Why Transformation Efforts Fail, Change Through Persuasion, Leading Change When Business Is Good: An Interview with Samuel J. Palmisano, Radical Change and the Quiet Way, Tipping Point Leadership, A Survival Guide for Leaders, The Real Person People Won't Change, Cracking the Code of Change, The Hard Side of Change Management, Why Change Programs Don't Produce Change, Index. | ||
| 942 | _cBK | ||
| 999 |
_c9744 _d9744 |
||